Obyčajné diferenciálne rovnice
Uložené v:
| Médium: | Kniha |
|---|---|
| Jazyk: | Slovak |
| Vydavateľské údaje: |
Bratislava
Alfa
1985
|
| Edícia: | Edícia matematicko-fyzikálnej literatúry
|
| Tagy: |
Žiadne tagy, Buďte prvý, kto otaguje tento záznam!
|
MARC
| LEADER | 00000nam a2200000 4500 | ||
|---|---|---|---|
| 001 | c109914 | ||
| 005 | 20260327071416.4 | ||
| 041 | 0 | |a slo | |
| 044 | |a SK | ||
| 245 | 1 | 0 | |a Obyčajné diferenciálne rovnice |c Michal Greguš, Marko Švec, Valter Šeda |
| 264 | 1 | |a Bratislava |b Alfa |c 1985 | |
| 300 | |a 374 s. | ||
| 490 | 1 | |a Edícia matematicko-fyzikálnej literatúry | |
| 830 | 0 | |a Edícia matematicko-fyzikálnej literatúry | |